00678nam a2200217Ia 4500001000900000003000500009005001700014008004100031010001100072040000900083082001900092100001800111245012300129260003000252300001100282500002500293650003000318650003100348650003200379700004900411dia_4544CHAP20251023153002.0220117s1971 xx 000 0 und d a175205 cCHAP a691.7 P37 1971 aParker, Harry aCálculo simplificado de estructuras de acero /c Harry Parker ; traducción José Miguel González Pérez-Yarza aEspaña :b Urmo,c1971 a364 p. aMaterial fotocopiado aAcero de construcción  aConstrucciones metálicas aResistencia de materiales  aGonzález Pérez-Yarza, José Miguel, tr.